Main advantages and disadvantages of activity based costing

Activity based management (ABM) - definícia. Activity based costing (ABC) - podstata, základný princíp. Výhody a nevýhody ABC.

Salvato in:
Dettagli Bibliografici
Autore principale: Trunkvalter, Ľuboš
Natura: Capitolo di libro
Lingua:inglese
Soggetti:
Tags: Aggiungi Tag
Nessun Tag, puoi essere il primo ad aggiungerne!!

MARC

LEADER 00000naa$a2200000$$$4500
001 0097342
005 20240502072058.1
041 0 |a eng 
044 |a SK 
245 1 0 |a Main advantages and disadvantages of activity based costing  |c Ľuboš Trunkvalter 
520 |a Activity based management (ABM) - definícia. Activity based costing (ABC) - podstata, základný princíp. Výhody a nevýhody ABC. 
610 2 0 |a metóda ABC 
610 2 0 |a náklady 
610 2 0 |a manažment 
610 2 0 |a podnik 
610 2 0 |a riadenie podnikové 
100 1 |a Trunkvalter, Ľuboš